[Event "RUS Cup U09 final"]
[Site "Bryansk"]
[Date "2019.01.05"]
[Round "2"]
[White "Gaymaleev, Rodion"]
[Black "Bukreev, Stanislav"]
[Result "1/2-1/2"]
[WhiteElo "1274"]
[BlackElo "1277"]
[PlyCount "81"]
[EventDate "2019.01.04"]
[EventType "swiss"]
[EventRounds "7"]
[EventCountry "RUS"]
[SourceTitle "EXT 2021"]
[Source "ChessBase"]
[SourceDate "2020.10.23"]
[SourceVersion "1"]
[SourceVersionDate "2020.10.23"]
[SourceQuality "1"]

1. e4 e6 2. d4 d5 3. Bd3 c5 4. exd5 cxd4 5. Bb5+ Bd7 6. dxe6 Bxb5 7. exf7+ Kxf7 8. Qh5+ g6 9. Qxb5 Qd7 10. Qxd7+ Nxd7 11. Nf3 Bg7 12. 0-0 Rc8 13. c3 dxc3 14. Nxc3 Bxc3 15. bxc3 Ngf6 16. Bb2 Rhe8 17. Rfe1 h6 18. Rad1 Nb6 19. h3 Rxe1+ 20. Rxe1 Na4 21. Rb1 Nxb2 22. Rxb2 b6 23. c4 Nd7 24. Rd2 Ke7 25. Nh4 Ne5 26. Rc2 Kf6 27. Nf3 Rxc4 28. Rxc4 Nxc4 29. Kf1 a5 30. Ke2 Nd6 31. Ke3 Ke6 32. Kd4 Nb5+ 33. Kc4 Nd6+ 34. Kd4 Nf5+ 35. Kc4 Nd6+ 36. Kd4 Nc8 37. Kc4 Nd6+ 38. Kd4 Nb5+ 39. Kc4 Nd6+ 40. Kd4 Nf5+ 41. Ke4 1/2-1/2